[Event "Oberliga Ost B"]
[Site "?"]
[Date "2021.10.10"]
[Round "1.7"]
[White "Hahn, Werner"]
[Black "Ungurean, Florin Ioan"]
[Result "1-0"]
[WhiteElo "2172"]
[BlackElo "1975"]
[PlyCount "83"]
[EventDate "2021.10.10"]
[EventType "team-tourn"]
[EventCountry "GER"]
[WhiteTeam "Griesheim SV"]
[BlackTeam "Wiesbadener SV"]
[WhiteTeamCountry "GER"]
[BlackTeamCountry "GER"]

1. d4 d5 2. c4 c6 3. Nf3 Nf6 4. Nc3 dxc4 5. a4 Bf5 6. e3 e6 7. Bxc4 Bb4 8. O-O
O-O 9. Qe2 Bg4 10. h3 Bh5 11. Rd1 Bxc3 12. bxc3 Ne4 13. g4 Bg6 14. Ra3 Nd7 15.
Bd3 f5 16. Bxe4 fxe4 17. Nh2 Qh4 18. Kg2 Rf7 19. Ra2 Raf8 20. Qf1 Nb6 21. Ba3
Nxa4 22. Bxf8 Nxc3 23. Bb4 Nxa2 24. Be1 a5 25. Bxa5 b6 26. Bxb6 Nc3 27. Ra1 h5
28. Ra8+ Kh7 29. Bd8 Rf6 30. Bxf6 Qxf6 31. Qc4 Nd1 32. Ra2 e5 33. Qc2 Bf7 34.
Ra7 Bb3 35. Qxe4+ Kh6 36. Nf3 Bd5 37. g5+ Qxg5+ 38. Nxg5 Kxg5 39. Rxg7+ Kf6 40.
Rg6+ Kf7 41. Qxd5+ cxd5 42. Rg5 1-0

[Event "Oberliga Ost B"]
[Site "?"]
[Date "2021.10.10"]
[Round "1.8"]
[White "Knoedler, Marcel"]
[Black "Spitzl, Philipp"]
[Result "1-0"]
[WhiteElo "1842"]
[BlackElo "2040"]
[PlyCount "109"]
[EventDate "2021.10.10"]
[EventType "team-tourn"]
[EventCountry "GER"]
[WhiteTeam "Wiesbadener SV"]
[BlackTeam "Griesheim SV"]
[WhiteTeamCountry "GER"]
[BlackTeamCountry "GER"]

{[%evp 0,108,34,-29,-3,-36,-24,-60,-56,-80,-32,-30,-11,-5,-3,-5,1,-26,0,-62,
-73,-82,-16,-97,-122,-128,-72,-152,-106,-92,-90,-85,-50,-66,-53,-59,-54,-87,
-83,-102,-73,-66,-72,-74,-13,-81,-71,-60,-46,-34,-38,-69,13,19,40,-32,-17,-14,
15,23,24,-18,7,-31,-25,-37,-20,-23,34,31,40,0,0,8,18,18,21,18,33,73,96,95,148,
148,152,147,172,178,190,186,191,191,253,262,271,273,308,304,304,363,376,418,
508,639,726,982,1016,1016,1016,1247,1279]} 1. c4 e6 2. b3 Nf6 3. g3 d5 4. Bg2
Be7 5. Nf3 O-O 6. O-O b6 7. Bb2 Bb7 8. e3 c5 9. Qc2 Nc6 10. a3 Qd7 11. Ne5 Nxe5
12. Bxe5 Rfd8 13. Ra2 dxc4 14. bxc4 Bxg2 15. Kxg2 Qd3 16. Bxf6 Bxf6 17. Qxd3
Rxd3 18. Kf3 Rad8 19. Ke2 g6 20. Rc1 Bg7 21. Nc3 R3d7 22. Nd1 f5 23. f3 g5 24.
Nf2 Kf7 25. Rb1 Rb8 26. a4 Be5 27. Ra3 Rbd8 28. Rd3 Bc7 29. Rxd7+ Rxd7 30. Rb3
h5 31. Rd3 Re7 32. Rb3 g4 33. d4 Kf6 34. dxc5 bxc5 35. Rb7 Bd6 36. Rxe7 gxf3+
37. Kxf3 Bxe7 38. Nd3 e5 39. e4 Ke6 40. h3 Bd6 41. exf5+ Kxf5 42. g4+ hxg4+ 43.
hxg4+ Kg5 44. Ke4 Kxg4 45. Nxe5+ Kg3 46. Kd5 Bc7 47. Nd3 Kf3 48. Nxc5 Ke3 49.
Ne6 Ba5 50. c5 Kd3 51. c6 Kc3 52. Kc5 a6 53. c7 Bxc7 54. Nxc7 Kb3 55. a5 1-0

[Event "Oberliga Ost B"]
[Site "?"]
[Date "2021.10.10"]
[Round "1.1"]
[White "Konopka, Michal"]
[Black "Sadeghi, Behrang"]
[Result "1/2-1/2"]
[WhiteElo "2381"]
[BlackElo "2253"]
[PlyCount "77"]
[EventDate "2021.10.10"]
[EventType "team-tourn"]
[EventCountry "GER"]
[WhiteTeam "Schoeneck SF"]
[BlackTeam "Homburg Bad SK"]
[WhiteTeamCountry "GER"]
[BlackTeamCountry "GER"]

1. Nf3 Nf6 2. c4 c5 3. g3 b6 4. Bg2 Bb7 5. O-O e6 6. Nc3 Be7 7. d4 cxd4 8. Qxd4
Nc6 9. Qf4 O-O 10. Rd1 Qb8 11. b3 Rd8 12. Bb2 Qxf4 13. gxf4 Rac8 14. e3 d6 15.
Ng5 h6 16. Nge4 Nxe4 17. Nxe4 f5 18. Nc3 Na5 19. Rd2 Rd7 20. Rad1 Bxg2 21. Kxg2
Nb7 22. Ne2 Kf7 23. f3 Nc5 24. Kf2 g5 25. Ba3 Rdc7 26. fxg5 hxg5 27. Ng3 Rh8
28. Kg2 Rh4 29. Rd4 Rxd4 30. exd4 Nd7 31. d5 b5 32. dxe6+ Kxe6 33. Ne2 bxc4 34.
Nd4+ Kf6 35. Nb5 Rc6 36. Bxd6 Bxd6 37. Nxd6 cxb3 38. axb3 Rc2+ 39. Kg3 1/2-1/2

[Event "Oberliga Ost B"]
[Site "?"]
[Date "2021.10.10"]
[Round "1.2"]
[White "Dunsbach, Ralf"]
[Black "Marchio, Enrico"]
[Result "1/2-1/2"]
[WhiteElo "2142"]
[BlackElo "2309"]
[PlyCount "78"]
[EventDate "2021.10.10"]
[EventType "team-tourn"]
[EventCountry "GER"]
[WhiteTeam "Homburg Bad SK"]
[BlackTeam "Schoeneck SF"]
[WhiteTeamCountry "GER"]
[BlackTeamCountry "GER"]

1. c4 b6 2. Nc3 Bb7 3. e4 e6 4. Nge2 d5 5. cxd5 exd5 6. Nxd5 Nf6 7. Nec3 Bd6 8.
Be2 Nxd5 9. exd5 O-O 10. O-O Nd7 11. d4 Nf6 12. Bf3 h6 13. Qb3 Qd7 14. h3 a5
15. a4 Rfd8 16. Rd1 Qf5 17. Be3 Bb4 18. Rac1 Bxc3 19. bxc3 Bxd5 20. Bxd5 Nxd5
21. c4 Nb4 22. d5 Rd6 23. Qb1 Qd7 24. c5 Rxd5 25. cxb6 cxb6 26. Bxb6 Qxa4 27.
Rxd5 Nxd5 28. Bc5 Rc8 29. Qf5 Qc6 30. Ba3 Qxc1+ 31. Bxc1 Rxc1+ 32. Kh2 Nf6 33.
Qxa5 Rc8 34. Qf5 Re8 35. f3 Re6 36. Qb5 g6 37. Qb8+ Kg7 38. Qb2 Kg8 39. Qb8+
Kg7 1/2-1/2

[Event "Oberliga Ost B"]
[Site "?"]
[Date "2021.10.10"]
[Round "1.3"]
[White "Heinatz, Thomas"]
[Black "Schmidt, Walter"]
[Result "1/2-1/2"]
[WhiteElo "2309"]
[BlackElo "2227"]
[PlyCount "81"]
[EventDate "2021.10.10"]
[EventType "team-tourn"]
[EventCountry "GER"]
[WhiteTeam "Schoeneck SF"]
[BlackTeam "Homburg Bad SK"]
[WhiteTeamCountry "GER"]
[BlackTeamCountry "GER"]

1. e4 c5 2. Nc3 Nc6 3. Bb5 Nd4 4. Bc4 e6 5. Nge2 Nf6 6. d3 d5 7. exd5 exd5 8.
Bb3 Nxb3 9. axb3 d4 10. Ne4 Be7 11. O-O O-O 12. Nf4 Bd7 13. Nxf6+ Bxf6 14. Qh5
Be7 15. Nd5 Be6 16. Nxe7+ Qxe7 17. Bd2 b6 18. Rfe1 Qd7 19. f3 Rfe8 20. Qh4 h6
21. Qg3 Kh7 22. Qf4 Kg8 23. h4 Rac8 24. Kf2 Bd5 25. Re5 f6 26. Rxe8+ Rxe8 27.
Re1 Rxe1 28. Kxe1 Qe6+ 29. Kf2 Qe5 30. Qxe5 fxe5 31. h5 Kf7 32. g4 Ke6 33. Ke2
a6 34. Be1 b5 35. Ba5 c4 36. b4 Bc6 37. Bb6 cxd3+ 38. cxd3 Be8 39. f4 exf4 40.
Bxd4 g6 41. hxg6 1/2-1/2

[Event "Oberliga Ost B"]
[Site "?"]
[Date "2021.10.10"]
[Round "1.4"]
[White "Kaliski, Erwin"]
[Black "Nazarenus, Moritz"]
[Result "1/2-1/2"]
[WhiteElo "2175"]
[BlackElo "2234"]
[PlyCount "101"]
[EventDate "2021.10.10"]
[EventType "team-tourn"]
[EventCountry "GER"]
[WhiteTeam "Homburg Bad SK"]
[BlackTeam "Schoeneck SF"]
[WhiteTeamCountry "GER"]
[BlackTeamCountry "GER"]

1. e4 c6 2. d4 d5 3. Nd2 dxe4 4. Nxe4 Bf5 5. Ng3 Bg6 6. Nf3 Nd7 7. Bd3 Ngf6 8.
O-O e6 9. Re1 Be7 10. Bg5 O-O 11. Bxg6 hxg6 12. Ne5 Qc7 13. Qe2 Rad8 14. Rad1
c5 15. Nxd7 Rxd7 16. dxc5 Rxd1 17. Rxd1 Qxc5 18. Bxf6 Bxf6 19. Ne4 Qc7 20.
Nxf6+ gxf6 21. Qd2 Kg7 22. c3 Re8 23. h3 Re7 24. b3 Qc5 25. c4 Rc7 26. Qd8 Rc8
27. Qd4 Qxd4 28. Rxd4 Rc7 29. Kf1 Kf8 30. Ke2 Ke7 31. Kd3 e5 32. Rd5 Ke6 33. b4
f5 34. a4 g5 35. Rd8 Ke7 36. Rd5 Ke6 37. Kc3 g4 38. h4 f4 39. Rd8 f5 40. c5 g3
41. Rd6+ Kf7 42. fxg3 fxg3 43. Kd3 a5 44. bxa5 Rxc5 45. a6 bxa6 46. Rxa6 e4+
47. Ke3 Rc3+ 48. Kf4 Rf3+ 49. gxf3 g2 50. Ra7+ Kf8 51. Ra8+ 1/2-1/2

[Event "Oberliga Ost B"]
[Site "?"]
[Date "2021.10.10"]
[Round "1.5"]
[White "Meyer, Kai Christian"]
[Black "Lenz, Jonas"]
[Result "1/2-1/2"]
[WhiteElo "2234"]
[BlackElo "2092"]
[PlyCount "51"]
[EventDate "2021.10.10"]
[EventType "team-tourn"]
[EventCountry "GER"]
[WhiteTeam "Schoeneck SF"]
[BlackTeam "Homburg Bad SK"]
[WhiteTeamCountry "GER"]
[BlackTeamCountry "GER"]

1. d4 Nf6 2. Bg5 Ne4 3. Bf4 c5 4. d5 Qb6 5. Nd2 Qxb2 6. Nxe4 Qb4+ 7. Qd2 Qxe4
8. f3 Qd4 9. Qxd4 cxd4 10. Be5 e6 11. dxe6 Nc6 12. exf7+ Kxf7 13. Bf4 Bb4+ 14.
Bd2 d6 15. Bxb4 Nxb4 16. O-O-O Nc6 17. f4 Bf5 18. Nf3 Rac8 19. g4 Bxg4 20. Nxd4
Nxd4 21. Rxd4 Rhe8 22. Rxd6 Re4 23. e3 Rxe3 24. Bd3 g6 25. Rg1 Bh3 26. Rg3
1/2-1/2

[Event "Oberliga Ost B"]
[Site "?"]
[Date "2021.10.10"]
[Round "1.6"]
[White "Haucke, Alexander"]
[Black "Kirchner, Markus"]
[Result "1-0"]
[WhiteElo "2223"]
[BlackElo "2004"]
[PlyCount "91"]
[EventDate "2021.10.10"]
[EventType "team-tourn"]
[EventCountry "GER"]
[WhiteTeam "Homburg Bad SK"]
[BlackTeam "Schoeneck SF"]
[WhiteTeamCountry "GER"]
[BlackTeamCountry "GER"]

1. d4 f5 2. Bg5 g6 3. Nc3 Bg7 4. e3 Nf6 5. h4 h6 6. Bxf6 Bxf6 7. g4 d5 8. Bd3
O-O 9. gxf5 Bxf5 10. Bxf5 gxf5 11. Qh5 Bg7 12. Nge2 e6 13. Rg1 Rf6 14. O-O-O
Nd7 15. Rg2 Qe8 16. Nf4 Kh7 17. Rdg1 Bf8 18. Qf3 c5 19. Qg3 Qf7 20. Nh5 cxd4
21. exd4 Re8 22. Nxf6+ Nxf6 23. Ne2 h5 24. Kb1 Bh6 25. f3 Rg8 26. Qd6 Rxg2 27.
Rxg2 b6 28. Nf4 Bxf4 29. Qxf4 Ne8 30. Qe5 Ng7 31. b3 Ne8 32. Kb2 Qe7 33. Rg5
Qf7 34. a3 Nf6 35. Qb8 Ne8 36. c4 Nf6 37. Qe5 a6 38. c5 bxc5 39. dxc5 a5 40. c6
Ne8 41. Rg2 Nc7 42. a4 Na6 43. Qd6 Qf6+ 44. Kb1 f4 45. c7 Nb4 46. Qd7+ 1-0

[Event "Oberliga Ost B"]
[Site "?"]
[Date "2021.10.10"]
[Round "1.7"]
[White "Weiss, Matthias"]
[Black "Merkle, Egon"]
[Result "1-0"]
[WhiteElo "2026"]
[BlackElo "2160"]
[PlyCount "39"]
[EventDate "2021.10.10"]
[EventType "team-tourn"]
[EventCountry "GER"]
[WhiteTeam "Schoeneck SF"]
[BlackTeam "Homburg Bad SK"]
[WhiteTeamCountry "GER"]
[BlackTeamCountry "GER"]

1. e4 c5 2. Nf3 d6 3. c3 Nf6 4. Be2 Nc6 5. d4 cxd4 6. cxd4 Nxe4 7. d5 Qa5+ 8.
Nc3 Nxc3 9. bxc3 Nb8 10. O-O e5 11. dxe6 Bxe6 12. Bf4 Nc6 13. Rb1 O-O-O 14. Nd4
Be7 15. Nxe6 fxe6 16. Bg4 Kb8 17. Bxe6 Ka8 18. Qb3 Qc7 19. Rfd1 Bf6 20. Bxd6
1-0

[Event "Oberliga Ost B"]
[Site "?"]
[Date "2021.10.10"]
[Round "1.8"]
[White "Kaiser, Richard"]
[Black "Mueller, Achim"]
[Result "0-1"]
[WhiteElo "2128"]
[BlackElo "2090"]
[PlyCount "64"]
[EventDate "2021.10.10"]
[EventType "team-tourn"]
[EventCountry "GER"]
[WhiteTeam "Homburg Bad SK"]
[BlackTeam "Schoeneck SF"]
[WhiteTeamCountry "GER"]
[BlackTeamCountry "GER"]

1. Nf3 c5 2. g3 g6 3. Bg2 Bg7 4. O-O Nc6 5. c4 Nf6 6. Nc3 O-O 7. d4 cxd4 8.
Nxd4 Qc7 9. Bg5 Qe5 10. Nf3 Qc5 11. Bxf6 Bxf6 12. Ne4 Qxc4 13. Nxf6+ exf6 14.
Nd2 Qd4 15. e3 Qxb2 16. Nc4 Qb4 17. Nd6 b6 18. Rb1 Qa3 19. Rb3 Qxa2 20. Bd5 Qa4
21. Qb1 Qg4 22. Qb2 Kg7 23. f4 Ba6 24. Re1 Rab8 25. Kg2 Ne7 26. Bf3 Qe6 27. Rd1
Nf5 28. Nxf5+ Qxf5 29. g4 Qe6 30. Qa3 Bb7 31. Kg3 Bxf3 32. Kxf3 d5 0-1

[Event "Oberliga Ost B"]
[Site "?"]
[Date "2021.10.10"]
[Round "1.1"]
[White "Heinz, Axel"]
[Black "Humburg, Philipp"]
[Result "1/2-1/2"]
[WhiteElo "2438"]
[BlackElo "2280"]
[PlyCount "73"]
[EventDate "2021.10.10"]
[EventType "team-tourn"]
[EventCountry "GER"]
[WhiteTeam "Oberursel SV"]
[BlackTeam "Marburg SK"]
[WhiteTeamCountry "GER"]
[BlackTeamCountry "GER"]

1. e4 c6 2. Nc3 d5 3. Nf3 dxe4 4. Nxe4 Nf6 5. Nxf6+ exf6 6. g3 Bd6 7. Bg2 O-O
8. O-O Re8 9. b3 Nd7 10. Bb2 Ne5 11. d4 Nxf3+ 12. Bxf3 Bh3 13. Re1 Qd7 14. Qd3
f5 15. c4 f4 16. Rad1 Bb4 17. Bc3 Bxc3 18. Qxc3 Bg4 19. d5 fxg3 20. hxg3 Bxf3
21. Qxf3 Rxe1+ 22. Rxe1 cxd5 23. Qxd5 Qxd5 24. cxd5 Kf8 25. Rc1 Rd8 26. Rc7
Rxd5 27. Rxb7 a5 28. Ra7 h5 29. Kg2 g5 30. a4 Kg7 31. Rb7 Kg6 32. Rb5 Rd3 33.
Rxa5 Rxb3 34. Rc5 Ra3 35. a5 f6 36. Rb5 Kg7 37. Rc5 1/2-1/2

[Event "Oberliga Ost B"]
[Site "?"]
[Date "2021.10.10"]
[Round "1.2"]
[White "Rolle, Eric"]
[Black "Margolin, Boris"]
[Result "0-1"]
[WhiteElo "2146"]
[BlackElo "2402"]
[PlyCount "110"]
[EventDate "2021.10.10"]
[EventType "team-tourn"]
[EventCountry "GER"]
[WhiteTeam "Marburg SK"]
[BlackTeam "Oberursel SV"]
[WhiteTeamCountry "GER"]
[BlackTeamCountry "GER"]

1. c4 e5 2. Nc3 Nc6 3. e3 Nf6 4. Nf3 Bb4 5. Qc2 O-O 6. Nd5 Be7 7. Ng5 g6 8.
Nxf6+ Bxf6 9. Ne4 Bg7 10. Be2 d5 11. cxd5 Nb4 12. Qb3 Nxd5 13. Bf3 c6 14. d3
Nb6 15. Nc5 Qe7 16. Qc2 Rd8 17. e4 Bf8 18. Be3 f5 19. Nb3 Be6 20. O-O f4 21.
Bd2 c5 22. Na5 Rac8 23. Nc4 Nd7 24. Bc3 Bg7 25. a4 h5 26. b3 Bf7 27. Qe2 Nb8
28. g3 Nc6 29. gxf4 exf4 30. e5 Bxc4 31. bxc4 Nxe5 32. Bxe5 Qxe5 33. Qxe5 Bxe5
34. Rae1 Bf6 35. Bxb7 Rb8 36. Bd5+ Kg7 37. Rb1 Rb4 38. a5 Rdb8 39. Rxb4 cxb4
40. a6 Rb6 41. c5 Rb5 42. Rc1 b3 43. Bxb3 Rxb3 44. c6 Rb8 45. Kg2 Be5 46. Rc5
Kf6 47. Rd5 Rb6 48. d4 Bc7 49. Rd7 Rxc6 50. d5 Rc2 51. d6 Bb6 52. Rb7 Rxf2+ 53.
Kh3 g5 54. Rxb6 g4+ 55. Kh4 Rxh2# 0-1

[Event "Oberliga Ost B"]
[Site "?"]
[Date "2021.10.10"]
[Round "1.3"]
[White "Dubiel, Jacek"]
[Black "Alber, Horst"]
[Result "1-0"]
[WhiteElo "2419"]
[BlackElo "2268"]
[PlyCount "31"]
[EventDate "2021.10.10"]
[EventType "team-tourn"]
[EventCountry "GER"]
[WhiteTeam "Oberursel SV"]
[BlackTeam "Marburg SK"]
[WhiteTeamCountry "GER"]
[BlackTeamCountry "GER"]

1. e4 d5 2. exd5 Qxd5 3. Nc3 Qd6 4. d4 Nf6 5. Nf3 c6 6. Ne5 Bf5 7. g4 Bg6 8.
Bg2 Na6 9. Bf4 Qb4 10. Qd2 O-O-O 11. O-O-O e6 12. a3 Qe7 13. h4 h5 14. g5 Nd5
15. Nxd5 cxd5 16. Rh3 1-0

[Event "Oberliga Ost B"]
[Site "?"]
[Date "2021.10.10"]
[Round "1.4"]
[White "Dorst, Johannes"]
[Black "Weber, Samuel"]
[Result "1/2-1/2"]
[WhiteElo "2235"]
[BlackElo "2250"]
[PlyCount "85"]
[EventDate "2021.10.10"]
[EventType "team-tourn"]
[EventCountry "GER"]
[WhiteTeam "Marburg SK"]
[BlackTeam "Oberursel SV"]
[WhiteTeamCountry "GER"]
[BlackTeamCountry "GER"]

1. e4 e5 2. Nf3 Nc6 3. Bb5 a6 4. Bxc6 dxc6 5. O-O Bg4 6. h3 h5 7. d3 Qf6 8. Be3
Bxf3 9. Qxf3 Qxf3 10. gxf3 Bd6 11. Nc3 Ne7 12. Ne2 g5 13. Kh1 f6 14. Rg1 Ng6
15. a3 Kf7 16. Rad1 Nh4 17. Rg3 Rag8 18. c4 Be7 19. d4 Rd8 20. d5 Rhg8 21. Nc3
c5 22. Bc1 f5 23. exf5 Nxf5 24. Rgg1 Nd6 25. b3 b5 26. cxb5 axb5 27. Ne4 Nxe4
28. fxe4 c4 29. bxc4 bxc4 30. Rd2 Ra8 31. Rc2 Ra4 32. Rg3 Bd6 33. Rf3+ Ke7 34.
Rf5 c3 35. Bxg5+ Kd7 36. Rxc3 Rxe4 37. h4 Rd4 38. Rf7+ Kc8 39. Rh7 Rf8 40. Kg2
Rxd5 41. Rxh5 e4 42. Rh6 Bc5 43. Be3 1/2-1/2

[Event "Oberliga Ost B"]
[Site "?"]
[Date "2021.10.10"]
[Round "1.5"]
[White "Schlamp, Robert"]
[Black "Henrich, Thomas"]
[Result "0-1"]
[WhiteElo "2259"]
[BlackElo "2151"]
[PlyCount "92"]
[EventDate "2021.10.10"]
[EventType "team-tourn"]
[EventCountry "GER"]
[WhiteTeam "Oberursel SV"]
[BlackTeam "Marburg SK"]
[WhiteTeamCountry "GER"]
[BlackTeamCountry "GER"]

1. e4 c5 2. Nf3 Nc6 3. c3 d6 4. d4 Nf6 5. d5 Nb8 6. Bd3 g6 7. Bg5 Nbd7 8. O-O
Bg7 9. h3 a6 10. a4 O-O 11. Nbd2 Rb8 12. Nc4 b5 13. axb5 axb5 14. Na5 Bb7 15.
Re1 Ba8 16. Qe2 b4 17. c4 Ne8 18. Nb3 h6 19. Bh4 Ne5 20. Nxe5 Bxe5 21. f3 Ng7
22. Qd2 g5 23. Bf2 e6 24. Bf1 Qf6 25. Ra2 Nh5 26. Rd1 Kh8 27. Be3 Rg8 28. Nc1
exd5 29. cxd5 b3 30. Ra6 Bxb2 31. Bxc5 Bc3 32. Qd3 Rgd8 33. Ne2 Be5 34. Be3
Rdc8 35. Nd4 Nf4 36. Qb1 Rc3 37. Bf2 Kh7 38. Nb5 Nxh3+ 39. gxh3 Rxf3 40. Bd4
Rxb5 41. Bxe5 Qxe5 42. Rxa8 Qg3+ 43. Bg2 Rf2 44. e5+ Kg7 45. Qe4 b2 46. Rb1 Rc5
0-1

[Event "Oberliga Ost B"]
[Site "?"]
[Date "2021.10.10"]
[Round "1.6"]
[White "Duncker, Joachim"]
[Black "Chandler, Patrick"]
[Result "1-0"]
[WhiteElo "2180"]
[BlackElo "2151"]
[PlyCount "93"]
[EventDate "2021.10.10"]
[EventType "team-tourn"]
[EventCountry "GER"]
[WhiteTeam "Marburg SK"]
[BlackTeam "Oberursel SV"]
[WhiteTeamCountry "GER"]
[BlackTeamCountry "GER"]

1. e4 d6 2. d4 Nf6 3. Nc3 Nc6 4. Bb5 Bd7 5. Nf3 a6 6. Be2 e5 7. h3 Be7 8. Be3
b5 9. a3 O-O 10. O-O Re8 11. d5 Nb8 12. b4 Qc8 13. Qd3 c6 14. dxc6 Bxc6 15. Nd2
Nbd7 16. Nb3 Qc7 17. Na5 Rac8 18. Rfc1 Ba8 19. Nd5 Nxd5 20. exd5 Bf6 21. Qe4
Nb6 22. c4 bxc4 23. Bxb6 Qxb6 24. Nxc4 Qb8 25. Rc2 g6 26. Rd1 Bg7 27. g4 Bh6
28. h4 Bf4 29. g5 Rf8 30. Ne3 f6 31. gxf6 Rxf6 32. Bg4 Rxc2 33. Qxc2 Rf8 34.
Be6+ Kg7 35. Qc4 Qb6 36. Rd3 Qd8 37. Ng2 Bh6 38. Qg4 Qf6 39. Qg3 Bb7 40. Rc3
Kh8 41. Rc7 Ba8 42. Rc2 g5 43. h5 Bg7 44. Ne3 e4 45. Qxd6 h6 46. Qd7 g4 47. Nf5
1-0

[Event "Oberliga Ost B"]
[Site "?"]
[Date "2021.10.10"]
[Round "1.7"]
[White "Nichols, Marc"]
[Black "Neidhardt, Helge"]
[Result "0-1"]
[WhiteElo "2121"]
[BlackElo "2014"]
[PlyCount "74"]
[EventDate "2021.10.10"]
[EventType "team-tourn"]
[EventCountry "GER"]
[WhiteTeam "Oberursel SV"]
[BlackTeam "Marburg SK"]
[WhiteTeamCountry "GER"]
[BlackTeamCountry "GER"]

1. Nf3 d5 2. g3 Nf6 3. Bg2 g6 4. O-O Bg7 5. d3 O-O 6. c3 Nbd7 7. Qc2 e5 8. e4
c6 9. b3 Qc7 10. Nbd2 Re8 11. a3 b6 12. Bb2 Ba6 13. Rfc1 Rad8 14. b4 Nf8 15. c4
dxe4 16. dxe4 c5 17. Rab1 Bb7 18. Re1 N6d7 19. Nf1 Ne6 20. Ne3 Nd4 21. Nxd4
cxd4 22. Nd5 Bxd5 23. exd5 f5 24. Rbd1 Nf6 25. Qb3 Kh8 26. f4 exf4 27. Bxd4
fxg3 28. hxg3 Ne4 29. Bxe4 fxe4 30. Qc3 Bxd4+ 31. Qxd4+ Kg8 32. Kg2 e3 33. Rxe3
Rxe3 34. Qxe3 h5 35. Rf1 Kh7 36. Qe6 Qe7 37. Re1 Kh6 $138 0-1

[Event "Oberliga Ost B"]
[Site "?"]
[Date "2021.10.10"]
[Round "1.8"]
[White "Nekhamkis, Genadi"]
[Black "Neininger, Ralph"]
[Result "0-1"]
[WhiteElo "2109"]
[BlackElo "2117"]
[PlyCount "90"]
[EventDate "2021.10.10"]
[EventType "team-tourn"]
[EventCountry "GER"]
[WhiteTeam "Marburg SK"]
[BlackTeam "Oberursel SV"]
[WhiteTeamCountry "GER"]
[BlackTeamCountry "GER"]

1. e4 e6 2. d4 d5 3. e5 c5 4. c3 Qb6 5. Nf3 Nc6 6. a3 Nh6 7. b4 cxd4 8. cxd4
Nf5 9. Be3 f6 10. exf6 gxf6 11. Bd3 Nxe3 12. fxe3 Bh6 13. Qe2 O-O 14. Nc3 Ne7
15. O-O Bd7 16. e4 Rac8 17. Nd1 dxe4 18. Qxe4 Ng6 19. Qg4 f5 20. Qh3 Bg7 21.
Nf2 Rc3 22. g3 Rd8 23. Rad1 Ba4 24. Rd2 Rxa3 25. Rc1 Bc6 26. Ng5 Nf8 27. Qh5
Be8 28. Qe2 Bxd4 29. Ngh3 Be3 30. Rcd1 Ba4 31. g4 Bxd1 32. Rxd1 Qd4 33. Kf1
Bxf2 34. Nxf2 Ra1 35. gxf5 Rxd1+ 36. Qxd1 exf5 37. Qf3 Qxb4 38. Qxf5 Qe7 39.
Ng4 Kh8 40. Nh6 Kg7 41. Qh5 Qf6+ 42. Nf5+ Kh8 43. Be2 Ng6 44. Bf3 Rf8 45. Be4
Ne7 0-1

[Event "Oberliga Ost B"]
[Site "?"]
[Date "2022.04.30"]
[Round "2.1"]
[White "Teske, Henrik"]
[Black "Hoffmann, Tim"]
[Result "1-0"]
[WhiteElo "2460"]
[BlackElo "2148"]
[PlyCount "69"]
[EventDate "2021.10.10"]
[EventType "team-tourn"]
[EventCountry "GER"]
[WhiteTeam "Erfurt SV Empor"]
[BlackTeam "Gera ESV"]
[WhiteTeamCountry "GER"]
[BlackTeamCountry "GER"]

1. c4 e5 2. Nc3 Nf6 3. e3 d5 4. cxd5 Nxd5 5. Nf3 Nc6 6. Bb5 Nxc3 7. bxc3 Bd6 8.
O-O O-O 9. d4 exd4 10. cxd4 Bg4 11. h3 Bh5 12. Bb2 Qf6 13. e4 Bxf3 14. Qxf3
Qxf3 15. gxf3 Ne7 16. Rfd1 c6 17. Ba4 Rfd8 18. Kf1 Ng6 19. Bc1 Bc7 20. Be3 Nf4
21. Rab1 b5 22. Bb3 Rac8 23. Rbc1 Bb8 24. Rc5 g6 25. e5 Nd5 26. Rdc1 Ne7 27.
Bg5 Kf8 28. d5 Bxe5 29. dxc6 Bd6 30. Rxb5 Rc7 31. Rd1 Rxc6 32. Rb7 Bc7 33. Re1
f6 34. Bh6+ Ke8 35. Ba4 1-0

[Event "Oberliga Ost B"]
[Site "?"]
[Date "2022.04.30"]
[Round "2.2"]
[White "Mueller, Magnus"]
[Black "Langheinrich, Ferenc"]
[Result "0-1"]
[WhiteElo "1975"]
[BlackElo "2351"]
[PlyCount "84"]
[EventDate "2021.10.10"]
[EventType "team-tourn"]
[EventCountry "GER"]
[WhiteTeam "Gera ESV"]
[BlackTeam "Erfurt SV Empor"]
[WhiteTeamCountry "GER"]
[BlackTeamCountry "GER"]

1. e4 d5 2. exd5 Nf6 3. c4 e6 4. dxe6 Bc5 5. Nf3 Nc6 6. Be2 Bxe6 7. O-O O-O 8.
b4 Bd4 9. Nc3 Nxb4 10. Ba3 a5 11. Rb1 Bf5 12. Bxb4 axb4 13. Rxb4 Bxc3 14. dxc3
Rxa2 15. c5 Qxd1 16. Bxd1 Be4 17. Ne5 Ra5 18. Re1 Rxc5 19. Rbxe4 Nxe4 20. Rxe4
Re8 21. f4 Rxc3 22. Rd4 f6 23. Nd3 c5 24. Rd7 c4 25. Nc5 b6 26. Nb7 Rd3 27.
Rxd3 cxd3 28. Kf2 d2 29. Be2 Kf8 30. Nd6 Rd8 31. Nc4 d1=Q 32. Bxd1 Rxd1 33.
Nxb6 Rd6 34. Nc4 Rd4 35. Ne3 Rxf4+ 36. Kg3 Ra4 37. Kf3 Kf7 38. g3 Ke6 39. Ng2
Ra3+ 40. Kf2 g5 41. Ne3 Ra2+ 42. Kg1 h5 0-1

[Event "Oberliga Ost B"]
[Site "?"]
[Date "2022.04.30"]
[Round "2.3"]
[White "Reucker, Friedrich"]
[Black "Schubert, Nikita"]
[Result "0-1"]
[WhiteElo "1981"]
[BlackElo "1922"]
[PlyCount "124"]
[EventDate "2021.10.10"]
[EventType "team-tourn"]
[EventCountry "GER"]
[WhiteTeam "Erfurt SV Empor"]
[BlackTeam "Gera ESV"]
[WhiteTeamCountry "GER"]
[BlackTeamCountry "GER"]

1. d4 Nf6 2. Bf4 d5 3. e3 c5 4. c3 Nc6 5. Nd2 Bf5 6. Ngf3 e6 7. Bb5 Qb6 8. Qa4
a6 9. Bxc6+ Qxc6 10. Qxc6+ bxc6 11. dxc5 Bxc5 12. Nb3 Bb6 13. Nbd4 Rc8 14. Nxf5
exf5 15. Ke2 Ke7 16. Rhd1 Nh5 17. Bg3 Nxg3+ 18. hxg3 Rhd8 19. Rac1 f6 20. Rh1
Rh8 21. Rh5 g6 22. Rh6 Kf7 23. c4 Kg7 24. Rhh1 Kf7 25. cxd5 cxd5 26. Rxh7+ Ke6
27. Rxc8 Rxc8 28. Kd1 g5 29. Rb7 Rc6 30. Kd2 f4 31. gxf4 gxf4 32. Nd4+ Bxd4 33.
exd4 Kf5 34. f3 Rc4 35. Kd3 Rc1 36. Re7 Rd1+ 37. Kc3 Kg5 38. a3 Rc1+ 39. Kd2
Rg1 40. Rg7+ Kf5 41. Kc2 Ke6 42. Rg4 Kf7 43. Kb3 Ke6 44. Ka4 f5 45. Rxf4 Rxg2
46. b4 Rh2 47. Ka5 Kf6 48. Kxa6 Kg5 49. Rxf5+ Kxf5 50. a4 Rd2 51. b5 Rxd4 52.
a5 Rb4 53. b6 d4 54. Ka7 d3 55. b7 d2 56. b8=Q Rxb8 57. Kxb8 d1=Q 58. a6 Qd6+
59. Kb7 Qb4+ 60. Ka8 Qb6 61. a7 Qc7 62. f4 Qc8# 0-1

[Event "Oberliga Ost B"]
[Site "?"]
[Date "2022.04.30"]
[Round "2.4"]
[White "Liebold, Aaron"]
[Black "Rempel, Patrick"]
[Result "1/2-1/2"]
[WhiteElo "1976"]
[BlackElo "2063"]
[PlyCount "53"]
[EventDate "2021.10.10"]
[EventType "team-tourn"]
[EventCountry "GER"]
[WhiteTeam "Gera ESV"]
[BlackTeam "Erfurt SV Empor"]
[WhiteTeamCountry "GER"]
[BlackTeamCountry "GER"]

1. e4 e5 2. Nf3 Nc6 3. Bc4 Bc5 4. c3 Nf6 5. d4 exd4 6. O-O d5 7. exd5 Nxd5 8.
cxd4 Be7 9. Bxd5 Qxd5 10. Nc3 Qd8 11. d5 Nb8 12. Bf4 O-O 13. Qb3 Na6 14. Rac1
Bd6 15. Qc4 Bf5 16. Rfe1 Nc5 17. Bxd6 cxd6 18. Re3 Rc8 19. Qb5 a6 20. Qe2 Na4
21. Nd4 Bg6 22. Nb3 Nb6 23. Re1 Qg5 24. Rg3 Qf5 25. Rf3 Qh5 26. Re3 Qg5 27. Rg3
1/2-1/2